Leopoldov a späť

Bibliographic Details
Main Author: Olos, Rado, 1970- (Author)
Format: Article
Language:Slovak
ISSN:1335-1702
Subjects:

MARC

LEADER 00000nab a2200000 a 4500
001 vtls000703343
003 SK-MaSNL
005 20260304104836.0
008 250429c1999 xo 0 slo
015 |a SNBRB1999/10-23816 
035 |a CLN000055510 
035 |a urn:nbn:sk:snk-ab9wre 
035 |a (urnnbn)urn:nbn:sk:snk:ar-a092qr 
035 |a (uuid)c3531465-1b21-4da6-87f8-d282c3c49fff 
040 |a SNKBUCL  |b slo  |c SNKBUCL  |e AACR2 
041 0 |a slo 
044 |a xo  |c SK 
080 |a 885.4-3  |2 1997 
100 1 |a Olos, Rado,  |d 1970-  |4 aut  |9 38863 
245 1 0 |a Leopoldov a späť  |c Rado Olos 
650 0 7 |a psychologické poviedky, slovenské  |2 snkbucl  |9 28618 
655 7 |a články z novín a časopisov  |2 snkbucl  |9 267496 
773 0 |t RAK  |g Roč. 4, č. 2 (1999), s. 78-87  |x 1335-1702 
850 |a Slovenská národná knižnica 
852 |a Slovenská národná knižnica 
958 |a article13 
958 |a OND 
958 |a LX 
958 |a SK 
958 |a EUIPO 
992 |a RBX 
999 |c 2853222  |d 2855152